=LDR 00000nam 2200000 4500 =001 NUTBA000000000000502 =005 20140325102426.0 =006 =007 =008 =020 ##$$a 978-602-00-0365-8 =035 ##$$a 0010-031400000000501 =082 ##$$a 028.5 =090 ##$$a 028.5 $b ann c =100 ##$$a Anthony Ann =245 ##$$a Cerdas bersama poc n pic sejarah $c Anthony Ann, Selviya Hanna =260 ##$$a Jakarta $b PT Elexmedia Komputindo $c 2011 =300 ##$$a 180 hlm $b illus $c 22 cm =650 ##$$a Bacaan anak-anak =850 ##$$a NBPBMAT =990 ##$$a 21195640/BPAP-NTB/2014 =990 ##$$a 21400613/BPAP-NTB/20142014